[Event "38th Olympiad w"]
[Site "Dresden GER"]
[Date "2008.11.14"]
[Round "2"]
[White "Ordaz Valdes,L"]
[Black "Bojkovic,N"]
[Result "1/2-1/2"]
[WhiteElo "2306"]
[BlackElo "2420"]
[EventDate "2008.11.13"]

1. d4 Nf6 2. c4 e6 3. Nf3 b6 4. Bf4 Ba6 5. e3 Bb4+ 6. Nfd2 O-O 7. a3 Be7 8.
Nc3 d5 9. Be2 c6 10. O-O Nbd7 11. cxd5 Bxe2 12. Qxe2 exd5 13. Rfd1 Re8 14.
Rac1 Nf8 15. Nf3 Bd6 16. Ne5 Rc8 17. Qf3 Ng6 18. Nxg6 hxg6 19. Bg5 Re6 20.
Qh3 Qe8 21. Bxf6 gxf6 22. Qf3 Kg7 23. Rc2 Qd7 24. Rdc1 Rh8 25. g3 Bb8 26.
Nb1 a5 27. Nd2 Rc8 28. Nf1 Bd6 29. Rd1 Bf8 30. Rcd2 Bd6 31. Rc2 Bf8 32.
Rcd2 Bd6 1/2-1/2

[Event "38th Olympiad w"]
[Site "Dresden GER"]
[Date "2008.11.14"]
[Round "2"]
[White "Stojanovic,Mari"]
[Black "Jose Polanco,Ken"]
[Result "1/2-1/2"]
[WhiteElo "2199"]
[BlackElo "2028"]
[EventDate "2008.11.13"]

1. e4 e6 2. d4 d5 3. Nd2 dxe4 4. Nxe4 Nf6 5. Nxf6+ Qxf6 6. Nf3 h6 7. g3 Nd7
8. Bg2 Bd6 9. O-O O-O 10. c3 e5 11. Be3 Re8 12. Re1 Qd8 13. dxe5 Nxe5 14.
Nxe5 Rxe5 15. Qd2 Qf8 16. Bd4 Rxe1+ 17. Rxe1 c6 18. Qe3 c5 19. Be5 Be6 20.
b3 Rb8 21. Bxd6 Qxd6 22. Qe5 Qxe5 23. Rxe5 b6 24. Bd5 Bxd5 25. Rxd5 Rb7 26.
Rd8+ Kh7 27. Kf1 Re7 28. Rd6 f6 29. a4 Kg6 30. Rd5 Kf7 31. a5 Ke6 32. c4
Rd7 1/2-1/2

[Event "38th Olympiad w"]
[Site "Dresden GER"]
[Date "2008.11.14"]
[Round "2"]
[White "Vasquez Ramirez,R"]
[Black "Rautanen,S"]
[Result "1-0"]
[WhiteElo "2284"]
[BlackElo "1981"]
[EventDate "2008.11.13"]

1. e4 d6 2. Nf3 Nf6 3. Nc3 g6 4. Bc4 Bg7 5. O-O O-O 6. d4 Nc6 7. Re1 Bg4 8.
Be2 e5 9. dxe5 dxe5 10. Bg5 Qxd1 11. Raxd1 Bxf3 12. Bxf3 Nd4 13. Rd2 c6 14.
Bd1 h6 15. Be3 c5 16. f3 Rfd8 17. Ne2 Nh5 18. c3 Nxe2+ 19. Bxe2 Rxd2 20.
Bxd2 Nf4 21. Bc4 Rd8 22. Be3 b6 23. g3 Ne6 24. f4 exf4 25. gxf4 Kf8 26. Kf2
h5 27. Kf3 Nc7 28. Rg1 Ne8 29. h3 Nd6 30. Bd5 Nc8 31. Rg2 Ne7 32. c4 Rd7
33. b3 Rd8 34. Bf2 Rd7 35. Bh4 f6 36. Ke2 Rd6 37. Rg1 Rd7 38. Rd1 Rd6 39.
Be1 Bh6 40. Kf3 Bg7 41. Bc3 Nc6 42. Rg1 Ne7 43. b4 Nxd5 44. cxd5 Kf7 45.
Rd1 cxb4 46. Bxb4 Rd7 47. Bc3 Rc7 48. Rd3 Bf8 49. e5 fxe5 50. fxe5 Bc5 51.
Ke4 b5 52. d6 Rd7 1-0

[Event "38th Olympiad w"]
[Site "Dresden GER"]
[Date "2008.11.14"]
[Round "2"]
[White "Figueroa,J"]
[Black "Herrera,Mil"]
[Result "1-0"]
[WhiteElo "1761"]
[BlackElo "2070"]
[EventDate "2008.11.13"]

1. e4 c5 2. Nc3 d6 3. Nf3 Nc6 4. d4 cxd4 5. Nxd4 e6 6. Be3 Nf6 7. Bd3 Be7
8. O-O e5 9. Nde2 Be6 10. f4 Ng4 11. Qd2 d5 12. exd5 Bxd5 13. Rad1 Qa5 14.
Bb5 O-O-O 15. Nxd5 Qxb5 16. c4 Qa6 17. fxe5 Ngxe5 18. b3 f6 19. Nd4 Rhe8
20. Nb5 Rd7 21. Rfe1 Red8 22. Qc2 Ng4 23. Nxe7+ Nxe7 24. Rxd7 Rxd7 25.
Nxa7+ Kb8 26. Bc5 Ne5 27. Nb5 Nd3 28. Rxe7 Nxc5 29. Re8+ 1-0

[Event "38th Olympiad w"]
[Site "Dresden GER"]
[Date "2008.11.14"]
[Round "2"]
[White "Vahtra,T"]
[Black "Fairley,N"]
[Result "1-0"]
[WhiteElo "1961"]
[BlackElo "1803"]
[EventDate "2008.11.13"]

1. d4 d5 2. c4 c6 3. cxd5 cxd5 4. Nc3 Nf6 5. Nf3 Bg4 6. Qb3 b6 7. Ne5 e6 8.
Bg5 Bh5 9. e4 Be7 10. Bb5+ Kf8 11. Bxf6 gxf6 12. Nc6 Qd6 13. exd5 Nxc6 14.
Bxc6 Rc8 15. O-O Rg8 16. Ne4 Qf4 17. Ng3 Bg4 18. Bd7 Rc7 19. dxe6 fxe6 20.
Bxe6 Bxe6 21. Qxe6 Qxd4 22. Rac1 Bc5 23. Rcd1 Re7 24. Qxe7+ Kxe7 25. Nf5+
1-0

[Event "38th Olympiad w"]
[Site "Dresden GER"]
[Date "2008.11.14"]
[Round "2"]
[White "Beltz,F"]
[Black "Silva,Na"]
[Result "1-0"]
[WhiteElo "2109"]
[BlackElo "2029"]
[EventDate "2008.11.13"]

1. e4 c5 2. Nf3 e6 3. d4 cxd4 4. Nxd4 a6 5. Nc3 Qc7 6. Bd3 Nc6 7. Nb3 b5 8.
O-O Bb7 9. Kh1 Nf6 10. f4 d6 11. Qe2 h5 12. Rf3 Ng4 13. Bd2 Be7 14. a4 b4
15. Na2 a5 16. c3 Bf6 17. Bb5 Kf8 18. cxb4 axb4 19. Nxb4 Nd4 20. Nxd4 Bxd4
21. Rc1 Qb6 22. Be1 Be3 23. Rc3 Bc5 24. Rc2 Ne3 25. Rxc5 dxc5 26. Qxe3 f5
27. Rg3 Bxe4 28. Bc3 Rh7 29. h3 Qd6 30. Nd3 Rc8 31. Ne5 Qd5 32. Bc4 Qd1+
33. Kh2 Ke7 34. Rg6 Bd5 35. Bb5 Qb3 36. Qg3 Rg8 37. Qg5+ Kd6 38. Nf7+ Kc7
39. Qe7+ Kb6 40. Qd6+ Kb7 41. Qa6+ 1-0

[Event "38th Olympiad w"]
[Site "Dresden GER"]
[Date "2008.11.14"]
[Round "2"]
[White "Moylan,L"]
[Black "Sarakauskiene,Z"]
[Result "1-0"]
[WhiteElo "2114"]
[BlackElo "2188"]
[EventDate "2008.11.13"]

1. e4 c5 2. Nf3 e6 3. d4 cxd4 4. Nxd4 a6 5. Nc3 Qc7 6. Bd3 Nf6 7. O-O Be7
8. Kh1 d6 9. f4 Nbd7 10. Qe2 Nc5 11. Bd2 Nxd3 12. cxd3 O-O 13. f5 e5 14.
Nc2 b5 15. Ne3 Bb7 16. a3 Qd8 17. Rae1 Rc8 18. Rf3 d5 19. Nexd5 Nxd5 20.
exd5 Bxd5 21. Rh3 Bf6 22. Qh5 h6 23. Bxh6 Re8 24. Bd2 g6 25. Qh7+ Kf8 26.
Nxd5 Qxd5 27. Bb4+ Re7 28. fxg6 Rc2 29. g7+ Bxg7 30. Bxe7+ Kxe7 31. Qxg7
Kd7 32. Rf3 Qc6 1-0

[Event "38th Olympiad w"]
[Site "Dresden GER"]
[Date "2008.11.14"]
[Round "2"]
[White "Monhchuluun,C"]
[Black "Klimets,E"]
[Result "1/2-1/2"]
[WhiteElo "1969"]
[BlackElo "2129"]
[EventDate "2008.11.13"]

1. d4 d6 2. c4 e5 3. dxe5 dxe5 4. Qxd8+ Kxd8 5. Nc3 c6 6. Nf3 f6 7. a3 Be6
8. e3 a5 9. b3 Nd7 10. Bb2 Kc7 11. Bd3 Ne7 12. Bc2 Nc8 13. Rc1 Ncb6 14. a4
Nc5 15. Nd2 Be7 16. Nce4 Na6 17. O-O Nd7 18. Bb1 Rad8 19. Rfd1 Bb4 20. h3
Ndc5 21. Bc2 Rd7 22. Nxc5 Nxc5 23. Ne4 Rxd1+ 24. Rxd1 Nxe4 25. Bxe4 b5 26.
cxb5 Bxb3 27. Rc1 c5 28. Bc3 Kb6 29. Bc2 Bxc2 30. Rxc2 Rd8 31. Bb2 Rd1+ 32.
Kh2 Rd2 33. Rxd2 Bxd2 34. f4 e4 35. Kg3 Bxe3 36. f5 Bd2 37. Kf2 c4 38. Bd4+
Kb7 39. Ke2 Bf4 40. Bc3 Kb6 41. Bd4+ Kb7 42. Bc3 Kb6 43. Bd4+ 1/2-1/2

[Event "38th Olympiad w"]
[Site "Dresden GER"]
[Date "2008.11.14"]
[Round "2"]
[White "Aguilar,F"]
[Black "You Garam"]
[Result "1-0"]
[WhiteElo "1835"]
[BlackElo "1511"]
[EventDate "2008.11.13"]

1. d4 d5 2. c4 e6 3. Nc3 Nf6 4. Nf3 Be7 5. Qc2 Nbd7 6. e4 dxe4 7. Nxe4 b6
8. Bd3 Bb7 9. Bg5 h6 10. Bxf6 Nxf6 11. Nxf6+ Bxf6 12. Be4 Bxe4 13. Qxe4 O-O
14. O-O Qe7 15. Rac1 c5 16. b3 Rfd8 17. dxc5 Qxc5 18. Rcd1 Rac8 19. Qb7 Qe7
20. Qa6 Bc3 21. a3 Bb2 22. a4 Ba3 23. Ne5 Rc5 24. f4 Qc7 25. Rxd8+ Qxd8 26.
Qxa7 Qd4+ 27. Kh1 Ra5 28. Qxf7+ Kh8 29. Qe8+ Kh7 30. Qg6+ Kg8 31. Qxe6+ Kh8
32. Ng6+ Kh7 33. f5 Re5 34. Qxe5 1-0